| 000 | 01185cab a22001935a 4500 | ||
|---|---|---|---|
| 001 | L143232 | ||
| 008 | 080418e20080307xxk f v 000 0 eng d | ||
| 035 | _a(Sirsi) u143232 | ||
| 041 | 0 | _aeng | |
| 100 | 1 | _aRoss, Jonathan | |
| 245 | 0 | 0 |
_aDoing itself a disservice _bcase news |
| 490 | 0 |
_aProperty Week _v73(10) 7 March 2008, 126(1) |
|
| 520 | _aA dispute over commercial service charges showed that income may be irrecoverable if the landlord fails to follow the right procedures. A landlord, Leonora, sought a large amount of service charges from its tenant Mott Macdonald which it had failed to include in its quarterly charges in the past year or end-of-year statement. Mott argued it was not liable for the charge. The court agreed that the landlord could not revise the quarterly bills, but held that the landlord could correct its mistake if it served a revised end-of-year statement in future. The landlord can still get its money, but the current claim failed. | ||
| 590 | _aKA | ||
| 650 | 2 | 4 | _aLEONORA V MOTT MACDONALD |
| 651 | 4 |
_aEngland and Wales _y1543- |
|
| 690 | _aPROPERTY-COMMERCIAL PROPERTY-COMMERCIAL LANDLORD AND TENANT-COMMERCIAL SERVICE CHARGES | ||
| 942 | _n0 | ||
| 999 |
_c80099 _d80099 |
||